Utah State Football: Top 10 All-Time Leaders - Statistics

General Stats
  • This quiz has been taken 5 times
  • The average score is 17 of 54
Answer Stats
Category # Player Amount % Correct
Passing Yards 2 Jordan Love 8,600
100%
Tackles T1 Bobby Wagner 446
75%
Passing Yards 3 Chuckie Keeton 7,393
50%
Interceptions 2 Damon Smith 17
50%
Rushing Yards 6 Emmett White 2,791
50%
Passing Yards 8 Eric Hipple 6,073
50%
Receiving Yards 1 Kendal Smith 2,943
50%
Passing Yards 6 Kent Myers 6,126
50%
Rushing Yards 7 Kerwynn Williams 2,515
50%
Receiving Yards 2 Kevin Curtis 2,789
50%
Receiving Yards 4 Kevin Robinson 2,485
50%
Rushing Yards 5 Robert Turbin 3,315
50%
Receiving Yards 7 Aaron Jones 2,334
25%
Rushing Yards 2 Abu Wilson 3,933
25%
Passing Yards 9 Anthony Calvillo 5,642
25%
Tackles 6 Brent Passey 386
25%
Passing Yards 7 Brent Snyder 6,105
25%
Interceptions T4 Chuck Detwiler 11
25%
Interceptions T8 Darrin Long 10
25%
Tackles 3 David Gill 425
25%
Tackles T1 Del Lyles 446
25%
Rushing Yards 1 Demario Brown 4,053
25%
Receiving Yards 3 Deven Thompkins 2,519
25%
Passing Yards 4 Diondre Borel 6,698
25%
Interceptions 3 Donald Toomer 12
25%
Rushing Yards 10 Gerold Bright 2,145
25%
Interceptions T8 Grant Martinsen 10
25%
Interceptions 1 Henry King 18
25%
Interceptions T4 Jalen Davis 11
25%
Receiving Yards 10 James Murphy 2,132
25%
Tackles 10 Jermaine Younger 337
25%
Tackles 4 Jesse Busta 392
25%
Tackles 9 Johndale Carty 347
25%
Passing Yards 1 Jose Fuentes 9,168
25%
Receiving Yards 9 Kevin Alexander 2,208
25%
Tackles 7 Kevin Bouwman 372
25%
Rushing Yards 4 Louie Giammona 3,499
25%
Sacks 1 Mark Mraz 36.0
25%
Passing Yards 10 Matt Sauk 5,385
25%
Receiving Yards 5 Nakia Jenkins 2,483
25%
Tackles 8 Pat McKenna 359
25%
Receiving Yards 8 Pat Newman 2,221
25%
Interceptions T8 Phillip Shelley 10
25%
Rushing Yards 3 Rick Parros 3,537
25%
Receiving Yards 6 Rod Moore 2,422
25%
Rushing Yards 8 Roger Grant 2,387
25%
Interceptions T8 Ronald Edwards 10
25%
Interceptions T4 Ronnie McCloud 11
25%
Interceptions T8 Tom Bates 10
25%
Rushing Yards 9 Tom Larscheid 2,206
25%
Passing Yards 5 Tony Adams 6,226
25%
Interceptions T4 Travis Clark 11
25%
Interceptions T8 Wendell Brook 10
25%
Tackles 5 Zach Vigil 389
25%
No matching quizzes found
Score Distribution
Percent of People with Each Score
Percentile by Number Answered
Your Score History
You have not taken this quiz